00385cam a2200157ua 45000010005000000080039000050400009000440820010000531000019000632450043000822500009001252600036001343000017001706530014001876530026002012093110804n ii |||gr||||Z||||||eng cMAIN a370.9 aChaube, S. P.,1 aComparative educationcby S. P. Chaube a2nd. aAgra:bRam prasad and sons,969. a591p:c23cm. aEducation aComparative education